[Event "Ramat Gan Purim Rapid op"]
[Site "Ramat Gan"]
[Date "2023.03.06"]
[Round "5"]
[White "Abitbul, Matan"]
[Black "Kundin, Alexander"]
[Result "0-1"]
[WhiteElo "1585"]
[BlackElo "2274"]
[PlyCount "64"]
[EventDate "2023.03.06"]
[EventType "swiss (rapid)"]
[EventRounds "5"]
[EventCountry "ISR"]
[SourceTitle "CBM 213 Extra"]
[Source "ChessBase"]
[SourceDate "2023.05.31"]
[SourceVersion "1"]
[SourceVersionDate "2023.05.31"]
[SourceQuality "1"]

1. e4 c5 2. Nf3 Nc6 3. d4 cxd4 4. Nxd4 Nf6 5. Nc3 e5 6. Ndb5 d6 7. Bg5 a6 8. Na3 b5 9. Nd5 Be7 10. Bxf6 Bxf6 11. c3 0-0 12. Nc2 Bg5 13. a4 bxa4 14. Rxa4 a5 15. Bc4 Rb8 16. b4 axb4 17. cxb4 Kh8 18. Qd3 f5 19. 0-0 Bh6 20. Qc3 fxe4 21. b5 Ne7 22. Ncb4 Nxd5 23. Nxd5 Bb7 24. Rb1 e3 25. Nxe3 d5 26. Rd1 d4 27. Qb3 Qh4 28. Nd5 Qxf2+ 29. Kh1 Bxd5 30. Raa1 Qh4 31. Kg1 Bb7 32. Ra4 Qh5 0-1